|
|
|
|
| LEADER |
00000nam a22000007a 4500 |
| 005 |
20190919132625.0 |
| 007 |
cr|||| |||| |
| 008 |
190919s2019 et |||||s|||| 00||0 eng d |
| 020 |
|
|
|a 9786139460700
|
| 035 |
|
|
|a 29732
|
| 040 |
|
|
|a vLex
|
| 090 |
|
|
|c 9585
|d 9585
|
| 100 |
1 |
|
|a Alebe, Bamlaku
|
| 245 |
1 |
0 |
|a Invisibility of State constitution in Ethiopia
|h [Recurso electrn̤ico] /
|c Bamlaku Alebe
|
| 256 |
|
|
|a Servicio en ln̕ea
|
| 260 |
|
|
|a Ads̕ Abeba:
|b Lambert Academic Publishing,
|c 2019
|
| 300 |
|
|
|a 1 recurso electrn̤ico
|
| 500 |
|
|
|a First, I would like to thank the Almighty God and his mother st. Marry, for giving me knowledge, strength and endurance, and health to do this research from its inception until it done. I would like to express my great respect and appreciation to my advisor, Dr. Sisay Mengistie, for his constructive comment, suggestions, advice and encouragement from the beginning to the end of this book. I am also grateful to all the respondents who gave me their precious time and the necessary information needed for this study, especially, Amhara Regional State peoples. Last but not least, I would like to thank all my family for their greatest moral, financial and material support and for all my friends the lovely time I have spent with them and for all kinds of supports they have provided me in those bad and good times.
|
| 506 |
1 |
|
|a Disponible solo en los productos indicados
|d vLex Global
|d vLex Global (Academic Edition, excluding Law Schools)
|d vLex Global (U.S. Academic Edition, Law Schools)
|d vLex Global (U.S. Academic Edition, excluding Law Schools)
|d vLex Global (Academic Edition, Law Schools)
|
| 650 |
0 |
4 |
|a Derecho Pb︢lico y Administrativo
|z Etiopa̕
|
| 740 |
0 |
|
|a vLex Libros (Servicio en ln̕ea)
|
| 856 |
4 |
0 |
|u http://vlex.com/source/29732
|z Acceso restringido
|
| 942 |
|
|
|c BOOK
|
| 999 |
0 |
|
|a Public and Administrative Law
|